Sustainable Dolphin Tourism in East Africa (Record no. 1822)
[ view plain ]
| 000 -LEADER | |
|---|---|
| fixed length control field | 00311nam a22001337a 4500 |
| 022 ## - ISSN | |
| International Stands Serial Number | 08567972 |
| 050 ## - LIBRARY OF CONGRESS CALL NUMBER | |
| Classification Number | QL737 |
| Item Number | .C43S88 |
| 100 ## - MAIN ENTRY--Author | |
| Personal name | Berggren P. |
| 245 ## - TITLE | |
| Title | Sustainable Dolphin Tourism in East Africa |
| 260 ## - PUBLICATION, DISTRIBUTION, ETC.(IMPRINT) | |
| Place of publication, distribution, etc | Zanzibar |
| Name of publisher, distributor, etc | WIOMSA |
| Date of publication, distribution, etc | 2007 |
| 300 ## - PHYSICAL DESCRIPTION | |
| Extent | ix,71p. |
| 700 ## - ADDED ENTRY--PERSONAL AUTHOR | |
| Personal Name | Guissamulo,O.A. |
| 942 ## - ADDED ENTRY ELEMENTS(KOHA) | |
| Koha item type | General circulation |
| Source of classification or shelving scheme | Not for loan | Location (home branch) | Sublocation (holding branch) | Date accessioned | Cost, normal purchase price | Full call number | Barcode | Cost, replacement price | Koha item type | Public note |
|---|---|---|---|---|---|---|---|---|---|---|
| Library of Congress Classification | Main Campus Library | Main Campus Library | 26/08/2014 | 1180.59 | QL737 .C43S88 | 2019/023308 | 1680.59 | General circulation | kim |